Export abgeschlossen — 

Phương pháp dạy học Giáo dục học; T1

Gespeichert in:
Bibliographische Detailangaben
1. Verfasser: Nguyễn Như An
Format: Buch
Sprache:Undetermined
Veröffentlicht: Hà Nội Đại học Quốc Gia 1996
Schlagworte:
Tags: Tag hinzufügen
Keine Tags, Fügen Sie den ersten Tag hinzu!
Thư viện lưu trữ: Trung tâm Học liệu Trường Đại học Cần Thơ
LEADER 00512nam a2200181Ia 4500
001 CTU_22014
008 210402s9999 xx 000 0 und d
082 |a 371.3 
082 |b A105/T1 
100 |a Nguyễn Như An 
245 0 |a Phương pháp dạy học 
245 0 |b Giáo dục học; T1 
245 0 |c Nguyễn Như An 
260 |a Hà Nội 
260 |b Đại học Quốc Gia 
260 |c 1996 
650 |a teaching methods 
980 |a Trung tâm Học liệu Trường Đại học Cần Thơ